U.S. States with Unique County Names - Statistics

General Stats
  • This quiz has been taken 86 times
  • The average score is 7 of 10
Answer Stats
% State % Correct
93.3% Alaska
95%
100.0% Hawaii
95%
84.5% California
88%
80.0% Arizona
85%
64.7% Nevada
82%
61.4% Idaho
72%
63.9% Michigan
62%
64.3% Vermont
60%
60.9% Minnesota
55%
100.0% Connecticut
49%
No matching quizzes found
Score Distribution
Percent of People with Each Score
Percentile by Number Answered
Your Score History
You have not taken this quiz